Blue ribbon

Bibliographic Details
Format: Book
Published: Illinois : Riverside Reading Program , 1989
Subjects:

MARC

LEADER 00000cam a2200000 7i4500
001 0000005100
002 000005507
005 .0
020 |a 0829274251 
090 0 0 |a 420   |b BLU 
245 0 0 |a Blue ribbon   |c Barbara D.Stoodt et.al 
260 |a Illinois :   |b Riverside Reading Program ,   |c 1989 
300 |a 380p. :   |b ill ;   |c 25cm. 
650 0 0 |a English language   |x Elementary level   |x Study and teaching 
650 0 0 |a English language   |x Grammar 
999 |a 037601   |b BUKU   |c PINJAMAN   |e PERPUSTAKAAN KOMUNITI PETALING JAYA